| 000 | 00832nac a22002051u 4500 | ||
|---|---|---|---|
| 010 | _a 98020659 | ||
| 020 | _a0321070615 : | ||
| 082 | 0 | 0 |
_a327 _bG6244 |
| 090 |
_c4566 _d4566 |
||
| 100 | _aGoldstein, Joshua S., | ||
| 245 | 1 | 0 |
_aInternational relations / _cJoshua S. Goldstein. |
| 250 | _a4rd ed. | ||
| 260 |
_aNew York : _bLongman,c2001. _cc2001. |
||
| 300 |
_axvi, 697 p. : _bill., maps ; _c24 cm. |
||
| 504 | _aIncludes bibliographical references and indexes. | ||
| 650 | 0 | _aInternational relations. | |
| 942 |
_cBB _k327G6244 |
||
| 999 |
_c4566 _d4566 |
||